Statistics for World Capitals Closest to Lisbon

Click here to take the quiz!

General Stats

  • This quiz has been taken 131 times
  • The average score is 17 of 20

Answer Stats

kmcapital% Correct
503Madrid
100%
1454Paris
98%
1865Rome
96%
1588London
95%
1642Dublin
92%
1866Amsterdam
91%
1715Brussels
88%
1631Bern
87%
1714Luxembourg
87%
1100Algiers
86%
568Rabat
86%
994Andorra la Vella
85%
1863Vatican City
83%
1711Tunis
82%
1492Monaco
81%
1890San Marino
79%
1780Vaduz
71%
2113Tripoli
69%
2113Valletta
64%
2099Ljubljana
53%

Score Distribution

Percentile by Number Answered

Percent of People with Each Score

Your Score History

You have not taken this quiz